Aká je časová hranica na určenie dlhodobo využívaného majetku?
Definovanie hranice medzi dlhodobým a krátkodobým majetkom. Skutočnosti, prečo uvedená definícia neplatí paušálne pre akýkoľvek druh majetku a dôvody prečo je pri biologickom majetku hranica pre oddelenie krátkodobého majetku od dlhodobého odlišná pre rôzne druhy biologického majetku.
Saved in:
| Main Author: | |
|---|---|
| Format: | Book Chapter |
| Language: | Slovak |
| Subjects: | |
| Tags: |
No Tags, Be the first to tag this record!
|
MARC
| LEADER | 00000naa a2200000 4500 | ||
|---|---|---|---|
| 001 | 0241657 | ||
| 005 | 20240502073933.2 | ||
| 041 | 0 | |a slo | |
| 044 | |a SK | ||
| 245 | 1 | 0 | |a Aká je časová hranica na určenie dlhodobo využívaného majetku? |c Zuzana Juhászová |
| 520 | |a Definovanie hranice medzi dlhodobým a krátkodobým majetkom. Skutočnosti, prečo uvedená definícia neplatí paušálne pre akýkoľvek druh majetku a dôvody prečo je pri biologickom majetku hranica pre oddelenie krátkodobého majetku od dlhodobého odlišná pre rôzne druhy biologického majetku. | ||
| 610 | 2 | 0 | |a majetok dlhodobý |
| 610 | 2 | 0 | |a zobrazenie účtovné |
| 610 | 2 | 0 | |a podnikatelia |
| 610 | 2 | 0 | |a oceňovanie |
| 610 | 2 | 0 | |a história |
| 610 | 2 | 0 | |a pravidlá účtovné |
| 610 | 2 | 0 | |a zvieratá |
| 100 | 1 | |a Juhászová, Zuzana, 1970- | |